Từ điển viễn thông Anh - Việt = English - Vietnamese telecommunication dictionaries

Uloženo v:
Podrobná bibliografie
Hlavní autor: Cung Kim Tiến
Médium: Kniha
Jazyk:Undetermined
Vydáno: H. Thanh Niên 2003
Témata:
Tagy: Přidat tag
Žádné tagy, Buďte první, kdo otaguje tento záznam!
Thư viện lưu trữ: Trung tâm Học liệu Trường Đại học Cần Thơ
LEADER 00588nam a2200205Ia 4500
001 CTU_56726
008 210402s9999 xx 000 0 und d
020 |b 51000 
082 |a 621.38203 
082 |b C513 
100 |a Cung Kim Tiến 
245 0 |a Từ điển viễn thông Anh - Việt = 
245 0 |b English - Vietnamese telecommunication dictionaries 
245 0 |c Cung Kim Tiến 
260 |a H. 
260 |b Thanh Niên 
260 |c 2003 
650 |a telecommunication 
650 |x dictionaries 
980 |a Trung tâm Học liệu Trường Đại học Cần Thơ